[Event "Reykjavik Open 2009"]
[Site "Reykjavik"]
[Date "2009.03.27"]
[Round "4.44"]
[White "Berg, Runar"]
[Black "Palsson, Svanberg Mar"]
[Result "1-0"]
[WhiteElo "2130"]
[BlackElo "1720"]
[PlyCount "67"]
[EventDate "2009.03.24"]

1. e4 c5 2. Nf3 d6 3. d4 cxd4 4. Qxd4 a6 5. Nc3 Nc6 6. Qe3 Nf6 7. Bc4 e6 8. O-O
b5 9. Bb3 Qc7 10. Qe2 Bb7 11. Bg5 Be7 12. Rfe1 O-O 13. Rad1 Rfd8 14. h3 Ne5 15.
Nxe5 dxe5 16. f3 Nh5 17. Be3 Ng3 18. Qf2 Bh4 19. Bb6 Ne2+ 20. Qxe2 Qxb6+ 21.
Qe3 Rd4 22. Rf1 Bg5 23. Qf2 Qa7 24. Kh2 Rad8 25. Rd3 Qb8 26. Rfd1 Bc6 27. h4
Rxd3 28. Rxd3 Bc1 29. Nd1 g6 30. Qc5 Rxd3 31. cxd3 Qd8 32. g3 Qxd3 33. Qxc1
Qe2+ 34. Kg1 1-0

[Event "Reykjavik Open 2009"]
[Site "Reykjavik"]
[Date "2009.03.27"]
[Round "4.45"]
[White "Eiriksson, Vikingur Fjalar"]
[Black "Gudmundsson, Stefan Freyr"]
[Result "1/2-1/2"]
[WhiteElo "1882"]
[BlackElo "2092"]
[PlyCount "35"]
[EventDate "2009.03.24"]

1. e4 g6 2. d4 d6 3. Nf3 Bg7 4. Nc3 Nc6 5. Bb5 Bd7 6. O-O e5 7. Bxc6 Bxc6 8.
dxe5 dxe5 9. Qe2 Qe7 10. Rd1 Nf6 11. Bg5 O-O 12. Nd5 Bxd5 13. Rxd5 c6 14. Rd3
Rad8 15. Rad1 Rxd3 16. Rxd3 Rd8 17. Qd2 Rxd3 18. Qxd3 1/2-1/2

[Event "Reykjavik Open 2009"]
[Site "Reykjavik"]
[Date "2009.03.27"]
[Round "4.46"]
[White "Bergsson, Stefan"]
[Black "Helgadottir, Sigridur Bjorg"]
[Result "1-0"]
[WhiteElo "2079"]
[BlackElo "1646"]
[PlyCount "31"]
[EventDate "2009.03.24"]

1. e4 c5 2. Nf3 d6 3. d4 cxd4 4. Nxd4 Nf6 5. Nc3 a6 6. Bg5 e6 7. f4 Be7 8. Qf3
Qc7 9. O-O-O Nbd7 10. g4 b5 11. Bxf6 gxf6 12. Bd3 O-O 13. Qh3 Nc5 14. Qh6 Kh8
15. e5 Nxd3+ 16. Rxd3 1-0

[Event "Reykjavik Open 2009"]
[Site "Reykjavik"]
[Date "2009.03.27"]
[Round "4.47"]
[White "Finnbogadottir, Tinna Kristin"]
[Black "Hug, Marcel"]
[Result "0-1"]
[WhiteElo "1660"]
[BlackElo "2257"]
[PlyCount "60"]
[EventDate "2009.03.24"]

1. e4 d6 2. d4 Nf6 3. Bd3 e5 4. c3 Be7 5. Nf3 Nbd7 6. O-O O-O 7. Re1 c6 8. Nbd2
Qc7 9. Nf1 Re8 10. Ng3 Bf8 11. Bg5 h6 12. Bd2 g6 13. h4 h5 14. Qc1 Bg7 15. Bh6
Nf8 16. Bxg7 Kxg7 17. Nf5+ Bxf5 18. exf5 e4 19. Bxe4 Rxe4 20. Rxe4 Nxe4 21. Qf4
Nf6 22. Re1 Qd7 23. fxg6 Nxg6 24. Qg3 Ng4 25. Ng5 Re8 26. Rxe8 Qxe8 27. f3 Qe3+
28. Kf1 Nf4 29. Ne4 Qe2+ 30. Kg1 Qd1+ 0-1

[Event "Reykjavik Open 2009"]
[Site "Reykjavik"]
[Date "2009.03.27"]
[Round "4.48"]
[White "Halldorsson, Gudmundur"]
[Black "Ingason, Sigurdur"]
[Result "1-0"]
[WhiteElo "2248"]
[BlackElo "1949"]
[PlyCount "53"]
[EventDate "2009.03.24"]

1. d4 d5 2. c4 c6 3. Nf3 Nf6 4. e3 a6 5. Bd3 e6 6. Nbd2 Bd6 7. O-O Nbd7 8. b3
O-O 9. Bb2 Qc7 10. Rc1 e5 11. cxd5 Nxd5 12. Nc4 exd4 13. Nxd6 Qxd6 14. Bxd4 Rd8
15. Bb1 Nf8 16. h3 Qh6 17. Qc2 Be6 18. Rfd1 Ng6 19. Nh2 Nh4 20. Ng4 Bxg4 21.
hxg4 Re8 22. Re1 Re6 23. f4 Rae8 24. Qf2 f5 25. gxf5 Rf6 26. Bxf6 Qxf6 27. e4
1-0

[Event "Reykjavik Open 2009"]
[Site "Reykjavik"]
[Date "2009.03.27"]
[Round "4.50"]
[White "Gudmundsdottir, Geirthrudur Ann"]
[Black "Thorsteinsdottir, Hallgerdur"]
[Result "1-0"]
[WhiteElo "1775"]
[BlackElo "1951"]
[PlyCount "109"]
[EventDate "2009.03.24"]

1. e4 d6 2. d4 Nf6 3. Nc3 g6 4. Be3 Bg7 5. f3 O-O 6. Qd2 b6 7. O-O-O Ba6 8.
Bxa6 Nxa6 9. g4 c5 10. Nge2 Nd7 11. h4 cxd4 12. Nxd4 Ne5 13. h5 Nc4 14. Qe2
Nxe3 15. Qxe3 e5 16. Ndb5 Bf6 17. Kb1 Bg5 18. Qd3 Nc5 19. Qxd6 Qxd6 20. Rxd6
Kg7 21. Ne2 h6 22. Rhd1 a6 23. Nbc3 Rab8 24. b4 Ne6 25. Nd5 Rfd8 26. Rxd8 Rxd8
27. Ndc3 Rxd1+ 28. Nxd1 gxh5 29. gxh5 Nd4 30. Nxd4 exd4 31. Nf2 Bd2 32. Nd3 Kf6
33. f4 Ke6 34. Kb2 f5 35. e5 Kd5 36. Kb3 a5 37. bxa5 bxa5 38. Ka4 Kc6 39. a3
Bc3 40. e6 Kd6 41. Kb5 Kxe6 42. Kc5 Ba1 43. Kc6 Bc3 44. Nc5+ Kf6 45. Kd5 Bd2
46. Nd3 Bc3 47. a4 Ba1 48. Nc5 Bc3 49. Nb3 Bb2 50. Nxd4 Bc1 51. Ne2 Be3 52. Kd6
Bb6 53. c4 Ba7 54. c5 Bb8+ 55. Kd7 1-0

[Event "Reykjavik Open 2009"]
[Site "Reykjavik"]
[Date "2009.03.27"]
[Round "4.51"]
[White "Thorsson, Olafur"]
[Black "Gasanova, Ulker"]
[Result "1-0"]
[WhiteElo "2199"]
[BlackElo "1646"]
[PlyCount "55"]
[EventDate "2009.03.24"]

1. d4 d5 2. c4 Nf6 3. cxd5 Nxd5 4. e4 Nb6 5. h3 e6 6. Nc3 Nc6 7. Nf3 Be7 8. h4
a6 9. Bg5 h6 10. Be3 Bd7 11. Bd3 Nb4 12. Be2 Nc6 13. h5 Na5 14. Ne5 O-O 15. Rh3
Bg5 16. f4 Bh4+ 17. Kf1 Nc6 18. Nf3 Be7 19. Rg3 f5 20. exf5 exf5 21. d5 Na7 22.
d6 Bxd6 23. Bd4 Rf7 24. Bxb6 Bxf4 25. Rg6 cxb6 26. Qd4 Bc7 27. Bc4 Qe7 28.
Qxg7# 1-0

[Event "Reykjavik Open 2009"]
[Site "Reykjavik"]
[Date "2009.03.27"]
[Round "4.52"]
[White "Filosof, Asi"]
[Black "Andrason, Pall"]
[Result "1-0"]
[WhiteElo "1986"]
[BlackElo "1564"]
[PlyCount "45"]
[EventDate "2009.03.24"]

1. Nf3 e6 2. g3 d5 3. Bg2 Nf6 4. O-O b6 5. d3 Bb7 6. Nbd2 Bd6 7. Re1 Nbd7 8. e4
dxe4 9. dxe4 Bc5 10. c3 Nf8 11. b4 Be7 12. Ne5 N6d7 13. Qa4 f6 14. Nc6 Bxc6 15.
Qxc6 Kf7 16. e5 Rb8 17. exf6 Nxf6 18. Nf3 h6 19. Bf4 Rc8 20. Bh3 g5 21. Bxe6+
Nxe6 22. Qxe6+ Kf8 23. Ne5 1-0

[Event "Reykjavik Open 2009"]
[Site "Reykjavik"]
[Date "2009.03.28"]
[Round "5.1"]
[White "Kryvoruchko, Yuriy"]
[Black "Conquest, Stuart C"]
[Result "1-0"]
[WhiteElo "2604"]
[BlackElo "2531"]
[PlyCount "79"]
[EventDate "2009.03.24"]

1. e4 e5 2. Nf3 Nc6 3. Bb5 a6 4. Ba4 Nf6 5. O-O b5 6. Bb3 Bc5 7. c3 d6 8. d4
Bb6 9. h3 O-O 10. Be3 h6 11. Nbd2 Re8 12. a4 Rb8 13. Re1 b4 14. Rc1 bxc3 15.
bxc3 Na5 16. Ba2 Be6 17. Bxe6 Rxe6 18. c4 exd4 19. Bxd4 Nd7 20. Re3 Nc6 21.
Bxb6 Rxb6 22. Nb3 Qe8 23. Qe2 Nc5 24. Nxc5 dxc5 25. Rd1 Rb4 26. Rd5 Rxa4 27.
Rxc5 Qe7 28. Rd5 Qb4 29. Nd2 Ra1+ 30. Kh2 Ra2 31. Rg3 Ra3 32. Rxa3 Qxa3 33. f4
Re8 34. e5 Ne7 35. Rd7 Ng6 36. Qe4 Qc3 37. Nf3 Qc1 38. f5 Nxe5 39. Nxe5 Qc3 40.
Ng6 1-0

[Event "Reykjavik Open 2009"]
[Site "Reykjavik"]
[Date "2009.03.28"]
[Round "5.3"]
[White "Marin, Mihail"]
[Black "Leon Hoyos, Manuel"]
[Result "1/2-1/2"]
[WhiteElo "2556"]
[BlackElo "2542"]
[PlyCount "124"]
[EventDate "2009.03.24"]

1. c4 Nf6 2. g3 g6 3. Bg2 Bg7 4. Nc3 c5 5. Nf3 Nc6 6. d4 cxd4 7. Nxd4 O-O 8.
O-O Nxd4 9. Qxd4 d6 10. Qd3 a6 11. Be3 Qa5 12. Bd4 Bf5 13. e4 Be6 14. f4 Rac8
15. b3 b5 16. cxb5 Ng4 17. Bxg7 Kxg7 18. Qd4+ Kg8 19. Rac1 axb5 20. f5 b4 21.
fxe6 Rxc3 22. Rxc3 bxc3 23. Bh3 Ne5 24. exf7+ Kg7 25. Be6 c2 26. a4 Qc5 27.
Qxc5 dxc5 28. Rc1 Rd8 29. f8=Q+ Rxf8 30. Bd5 Nf3+ 31. Kf2 e6 32. Bc4 Ne5+ 33.
Ke3 Nxc4+ 34. bxc4 Ra8 35. Rxc2 Rxa4 36. Kf4 Kf6 37. e5+ Kg7 38. h4 Kh6 39. Kg4
Rb4 40. Kh3 Rb3 41. Re2 Kg7 42. Kg4 h5+ 43. Kh3 Kh6 44. Kg2 Rc3 45. Re4 g5 46.
Kf2 Rc2+ 47. Kf1 Rd2 48. hxg5+ Kxg5 49. Rf4 Rc2 50. Rf6 Rxc4 51. Rxe6 Kf5 52.
Rf6+ Kxe5 53. Rh6 Rc2 54. Rxh5+ Ke4 55. Ke1 c4 56. g4 c3 57. Kd1 Rg2 58. Rh8
Rxg4 59. Kc2 Rg3 60. Re8+ Kd4 61. Rd8+ Kc4 62. Rc8+ Kd4 1/2-1/2

[Event "Reykjavik Open 2009"]
[Site "Reykjavik"]
[Date "2009.03.28"]
[Round "5.4"]
[White "Vocaturo, Daniele"]
[Black "Steingrimsson, Hedinn"]
[Result "1/2-1/2"]
[WhiteElo "2445"]
[BlackElo "2547"]
[PlyCount "36"]
[EventDate "2009.03.24"]

1. e4 c6 2. c4 d5 3. exd5 cxd5 4. cxd5 Nf6 5. Nc3 Nxd5 6. Nf3 e6 7. Bc4 Be7 8.
O-O O-O 9. d4 Nc6 10. Re1 a6 11. Bb3 b5 12. Qe2 Nxc3 13. bxc3 Bf6 14. h4 b4 15.
Bc2 Bb7 16. Rb1 Rc8 17. Ng5 g6 18. Qg4 Nxd4 1/2-1/2

[Event "Reykjavik Open 2009"]
[Site "Reykjavik"]
[Date "2009.03.28"]
[Round "5.5"]
[White "Areshchenko, Alexander"]
[Black "Kristjansson, Stefan"]
[Result "1-0"]
[WhiteElo "2673"]
[BlackElo "2472"]
[PlyCount "37"]
[EventDate "2009.03.24"]

1. e4 Nc6 2. Nf3 Nf6 3. e5 Ng4 4. d4 d6 5. h3 Nh6 6. Nc3 g6 7. Bf4 Bg7 8. Bb5
O-O 9. Bxc6 bxc6 10. Qd2 Nf5 11. O-O-O Bb7 12. g4 c5 13. d5 Nd4 14. Nxd4 cxd4
15. Qxd4 c6 16. Qb4 Qb6 17. Qxb6 axb6 18. dxc6 Bxc6 19. Rhe1 1-0

[Event "Reykjavik Open 2009"]
[Site "Reykjavik"]
[Date "2009.03.28"]
[Round "5.7"]
[White "Rombaldoni, Denis"]
[Black "Hillarp Persson, Tiger"]
[Result "1/2-1/2"]
[WhiteElo "2418"]
[BlackElo "2586"]
[PlyCount "91"]
[EventDate "2009.03.24"]

1. d4 g6 2. Nf3 Bg7 3. c4 d6 4. g3 Nf6 5. Bg2 O-O 6. O-O c6 7. Nc3 Bf5 8. Ne1
Qc8 9. Qb3 b6 10. e4 Bh3 11. Nd3 Bxg2 12. Kxg2 Nbd7 13. f4 a6 14. e5 Ne8 15.
Re1 Nc7 16. Ne4 Qb8 17. Nb4 dxe5 18. Nxc6 Qb7 19. Nxe7+ Kh8 20. d5 Rae8 21. Nd6
Qa8 22. Nxe8 Rxe8 23. Nc6 b5 24. Be3 exf4 25. Bxf4 bxc4 26. Qf3 Nb5 27. Bh6 Bf6
28. a4 Nd6 29. Bd2 Bxb2 30. Bc3+ Bxc3 31. Qxc3+ Kg8 32. Rxe8+ Nxe8 33. Qxc4
Nef6 34. Re1 Nb6 35. Ne7+ Kg7 36. Qc6 Qd8 37. d6 a5 38. Rf1 Nbd7 39. Rb1 Ne5
40. Qc7 Qa8+ 41. Rb7 Nfd7 42. Kh3 h5 43. Nd5 Qe8 44. Ne7 Qa8 45. Nd5 Qe8 46.
Ne7 1/2-1/2

[Event "Reykjavik Open 2009"]
[Site "Reykjavik"]
[Date "2009.03.28"]
[Round "5.9"]
[White "Stefansson, Hannes"]
[Black "Breder, Dennis"]
[Result "1/2-1/2"]
[WhiteElo "2563"]
[BlackElo "2427"]
[PlyCount "38"]
[EventDate "2009.03.24"]

1. e4 c5 2. Nf3 Nc6 3. d4 cxd4 4. Nxd4 Nf6 5. Nc3 e5 6. Ndb5 d6 7. Bg5 a6 8.
Na3 b5 9. Nd5 Be7 10. Bxf6 Bxf6 11. c3 Rb8 12. Nc2 Bg5 13. a4 bxa4 14. Ncb4
Nxb4 15. cxb4 O-O 16. Rxa4 a5 17. b5 Be6 18. Bc4 Qc8 19. O-O Qc5 1/2-1/2

[Event "Reykjavik Open 2009"]
[Site "Reykjavik"]
[Date "2009.03.28"]
[Round "5.10"]
[White "Oleksienko, Mikhailo"]
[Black "Grandelius, Nils"]
[Result "1-0"]
[WhiteElo "2550"]
[BlackElo "2464"]
[PlyCount "57"]
[EventDate "2009.03.24"]

1. e4 e5 2. Nf3 Nc6 3. Bb5 Nf6 4. O-O Nxe4 5. d4 Nd6 6. dxe5 Nxb5 7. a4 Nbd4 8.
Nxd4 Nxd4 9. Qxd4 d5 10. Qd3 c6 11. a5 Qh4 12. Be3 Be7 13. f4 O-O 14. Nd2 f6
15. Qc3 Qh5 16. a6 fxe5 17. fxe5 Rxf1+ 18. Rxf1 Qg6 19. Bc5 Bh3 20. Rf2 Rf8 21.
Bxe7 Rxf2 22. Qxh3 Rxd2 23. Qc8+ Kf7 24. e6+ Kxe7 25. Qd7+ Kf6 26. Qf7+ Qxf7
27. exf7 Rd1+ 28. Kf2 Kxf7 29. axb7 1-0

[Event "Reykjavik Open 2009"]
[Site "Reykjavik"]
[Date "2009.03.28"]
[Round "5.11"]
[White "Williams, Simon K"]
[Black "Caspi, Israel"]
[Result "1/2-1/2"]
[WhiteElo "2507"]
[BlackElo "2402"]
[PlyCount "107"]
[EventDate "2009.03.24"]

1. f4 g6 2. Nf3 Bg7 3. e3 c5 4. Be2 Nf6 5. O-O Nc6 6. d3 O-O 7. Kh1 d5 8. a4
Re8 9. Ne5 Qc7 10. Nxc6 Qxc6 11. Nc3 b6 12. Bf3 Bb7 13. e4 dxe4 14. dxe4 Rad8
15. Qe1 e5 16. fxe5 Nd7 17. Bg5 Ra8 18. Nd5 Rxe5 19. Bf4 Re6 20. Nc7 Bxb2 21.
Rd1 Ne5 22. Nxa8 Bxa8 23. c3 c4 24. Bxe5 Rxe5 25. Rd8+ Kg7 26. Qd2 Ba3 27. Qd4
f6 28. Rd7+ Be7 29. Rxa7 Bb7 30. Rd1 Kf8 31. Rb1 Bc5 32. Qxc4 Qc8 33. Qd3 Qb8
34. Rxb7 Qxb7 35. Qd8+ Re8 36. Qxf6+ Qf7 37. Qc6 Qe6 38. Qb5 Qe5 39. g3 Qxc3
40. Bg2 Re7 41. Qe2 Kg7 42. Rd1 Qe5 43. Bf3 Qc7 44. Kg2 Rd7 45. Qb2+ Kg8 46.
Qb3+ Kg7 47. Qc3+ Kg8 48. Bg4 Rxd1 49. Bxd1 Qg7 50. Bb3+ Kh8 51. e5 h5 52. a5
Qf8 53. Qd3 bxa5 54. Qf3 1/2-1/2

[Event "Reykjavik Open 2009"]
[Site "Reykjavik"]
[Date "2009.03.28"]
[Round "5.12"]
[White "Rombaldoni, Axel"]
[Black "Danielsen, Henrik"]
[Result "0-1"]
[WhiteElo "2309"]
[BlackElo "2482"]
[PlyCount "78"]
[EventDate "2009.03.24"]

1. e4 e5 2. Nf3 d6 3. d4 exd4 4. Nxd4 Nf6 5. Nc3 Be7 6. Bc4 O-O 7. O-O c6 8. a4
Re8 9. Re1 Bf8 10. Bg5 Nbd7 11. h3 Ne5 12. Bb3 Ng6 13. Qf3 Ne5 14. Qg3 Be7 15.
f4 Nh5 16. Bxe7 Qxe7 17. Qf2 Ng6 18. f5 Ne5 19. g4 Qg5 20. Kh2 Nf6 21. Rg1 Bd7
22. Nde2 d5 23. Kh1 dxe4 24. Qf4 Qxf4 25. Nxf4 Nf3 26. Rgd1 Rad8 27. Kg2 Bc8
28. Kg3 Nd4 29. g5 Nxf5+ 30. Kh2 Nd7 31. g6 hxg6 32. Nxg6 Nc5 33. Bc4 Ne3 34.
Rxd8 Rxd8 35. Ne5 Rd2+ 36. Kg3 Nf5+ 37. Kf4 Rf2+ 38. Kg5 Rg2+ 39. Ng4 Ne3 0-1

[Event "Reykjavik Open 2009"]
[Site "Reykjavik"]
[Date "2009.03.28"]
[Round "5.13"]
[White "Thorsteinsson, Thorsteinn"]
[Black "Nataf, Igor-Alexandre"]
[Result "0-1"]
[WhiteElo "2288"]
[BlackElo "2533"]
[PlyCount "88"]
[EventDate "2009.03.24"]

1. d4 Nf6 2. c4 g6 3. Nc3 Bg7 4. e4 d6 5. f3 O-O 6. Be3 a6 7. Qd2 c6 8. a4 a5
9. Rd1 Nfd7 10. Nge2 Na6 11. Nc1 Re8 12. Be2 e5 13. d5 Bf8 14. O-O Ndc5 15. g4
Bd7 16. Kg2 Be7 17. h4 cxd5 18. Nxd5 Bxa4 19. Nxe7+ Qxe7 20. Rde1 Nb4 21. Bd1
Bc6 22. Rh1 Qe6 23. b3 b6 24. h5 Ra7 25. Reg1 Rd7 26. Kf1 b5 27. Be2 bxc4 28.
bxc4 Rb8 29. Na2 Nxa2 30. Qxa2 a4 31. Kf2 Rb3 32. Rd1 Rxe3 33. Kxe3 Qf6 34. Bd3
Qf4+ 35. Ke2 Nb3 36. Bc2 Nd4+ 37. Rxd4 exd4 38. Qa3 Rb7 39. Qc1 Qg3 40. Rg1
Qh2+ 41. Kd3 a3 42. h6 Rb2 43. Rd1 Qxc2+ 44. Qxc2 Rxc2 0-1

[Event "Reykjavik Open 2009"]
[Site "Reykjavik"]
[Date "2009.03.28"]
[Round "5.14"]
[White "Macak, Stefan"]
[Black "Meszaros, Michal"]
[Result "0-1"]
[WhiteElo "2527"]
[BlackElo "2376"]
[PlyCount "106"]
[EventDate "2009.03.24"]

1. Nc3 e5 2. Nf3 Nc6 3. d4 exd4 4. Nxd4 Nf6 5. Bg5 Bc5 6. Nxc6 bxc6 7. e3 O-O
8. Ne4 Be7 9. Nxf6+ Bxf6 10. Bxf6 Qxf6 11. Qd4 Qe7 12. Bd3 Re8 13. O-O c5 14.
Qf4 d6 15. Rab1 a5 16. Bb5 Bd7 17. Bxd7 Qxd7 18. Qc4 Rab8 19. Rfd1 Qb5 20. Qxb5
Rxb5 21. Rd3 Reb8 22. Rb3 c4 23. Rxb5 Rxb5 24. b3 Kf8 25. Kf1 cxb3 26. axb3 a4
27. Ke2 Ke7 28. Kd3 Rd5+ 29. Kc3 axb3 30. cxb3 Rh5 31. h3 Rg5 32. g3 Rc5+ 33.
Kd3 Ra5 34. Rc1 Kd7 35. h4 Ra2 36. Rc2 Ra3 37. Kc4 Ra1 38. e4 Rd1 39. Kc3 Ke6
40. Rd2 Re1 41. Kd3 Ke5 42. f4+ Ke6 43. Rc2 c5 44. e5 Rg1 45. Ke4 Rxg3 46. f5+
Ke7 47. b4 Rg4+ 48. Kd5 Rd4+ 49. Kc6 cxb4 50. exd6+ Rxd6+ 51. Kc5 b3 52. Re2+
Kd7 53. Kc4 Rb6 0-1

[Event "Reykjavik Open 2009"]
[Site "Reykjavik"]
[Date "2009.03.28"]
[Round "5.15"]
[White "Vernay, Clovis"]
[Black "Bhat, Vinay S"]
[Result "1-0"]
[WhiteElo "2339"]
[BlackElo "2495"]
[PlyCount "129"]
[EventDate "2009.03.24"]

1. d4 d5 2. c4 c6 3. Nf3 Nf6 4. e3 e6 5. Nbd2 c5 6. dxc5 Bxc5 7. a3 a5 8. Qc2
Nbd7 9. cxd5 exd5 10. Bd3 O-O 11. O-O Bd6 12. e4 Re8 13. exd5 Nc5 14. Bb5 Bd7
15. Bxd7 Ncxd7 16. Nc4 Rc8 17. Qb3 Nc5 18. Qb5 Nce4 19. Be3 Bc5 20. Rad1 Ng4
21. Bd4 a4 22. Nb6 Nd6 23. Qxa4 Nxh2 24. Kxh2 Bxb6 25. Bxb6 Qxb6 26. Qd4 Qxd4
27. Rxd4 Re2 28. Rb4 Rc5 29. Rd1 Kf8 30. Kg1 Ke7 31. b3 Rcc2 32. Nd4 Rcd2 33.
Rxd2 Rxd2 34. Kf1 Ra2 35. a4 Kf6 36. Nb5 Nc8 37. Re4 Nb6 38. Rd4 Ke7 39. Ke1
Rb2 40. Rd3 Kd7 41. d6 Rc2 42. Rh3 Nd5 43. Rxh7 Nf4 44. Rxg7 Nd3+ 45. Kf1 Rxf2+
46. Kg1 Rf4 47. Rg3 Nc5 48. Re3 Rb4 49. Re7+ Kd8 50. Rc7 Nxb3 51. Rxb7 Nc5 52.
Rxf7 Nxa4 53. Nc7 Nc5 54. Re7 Rd4 55. Ne6+ Nxe6 56. Rxe6 Kd7 57. Rf6 Rd1+ 58.
Kh2 Rd3 59. g3 Rd5 60. Kh3 Rd4 61. g4 Rxd6 62. Rxd6+ Kxd6 63. Kh4 Ke7 64. Kg5
Kf8 65. Kh6 1-0

[Event "Reykjavik Open 2009"]
[Site "Reykjavik"]
[Date "2009.03.28"]
[Round "5.16"]
[White "Galego, Luis"]
[Black "Lagerman, Robert"]
[Result "1/2-1/2"]
[WhiteElo "2494"]
[BlackElo "2368"]
[PlyCount "20"]
[EventDate "2009.03.24"]

1. Nf3 Nf6 2. g3 g6 3. Bg2 Bg7 4. O-O O-O 5. d3 d5 6. Nbd2 c5 7. e4 dxe4 8.
dxe4 Nc6 9. c3 b6 10. Re1 Bb7 1/2-1/2

[Event "Reykjavik Open 2009"]
[Site "Reykjavik"]
[Date "2009.03.28"]
[Round "5.18"]
[White "Gretarsson, Hjorvar Steinn"]
[Black "Thorhallsson, Throstur"]
[Result "1/2-1/2"]
[WhiteElo "2279"]
[BlackElo "2442"]
[PlyCount "39"]
[EventDate "2009.03.24"]

1. c4 e6 2. Nf3 d5 3. d4 Nf6 4. Nc3 c6 5. Bg5 Nbd7 6. e3 Be7 7. Bd3 O-O 8. O-O
Re8 9. Qe2 dxc4 10. Bxc4 Nd5 11. Bxe7 Qxe7 12. Rac1 Nxc3 13. Rxc3 e5 14. dxe5
Nxe5 15. Nxe5 Qxe5 16. Rd1 Bf5 17. Bd3 Be6 18. Bc4 Bf5 19. Bd3 Be6 20. Bc4
1/2-1/2

[Event "Reykjavik Open 2009"]
[Site "Reykjavik"]
[Date "2009.03.28"]
[Round "5.19"]
[White "Siebrecht, Sebastian"]
[Black "Karlovich, Anastazia"]
[Result "1-0"]
[WhiteElo "2440"]
[BlackElo "2251"]
[PlyCount "89"]
[EventDate "2009.03.24"]

1. Nf3 d5 2. d4 Bf5 3. e3 e6 4. c4 c6 5. Nbd2 Nd7 6. g3 Ngf6 7. Nh4 Bg4 8. Qb3
Rb8 9. Bg2 g5 10. Nhf3 h6 11. O-O Bd6 12. Re1 Bf5 13. Nb1 O-O 14. Nfd2 Bc7 15.
Nc3 dxc4 16. Qxc4 e5 17. Nf3 Re8 18. dxe5 Nxe5 19. Nxe5 Bxe5 20. Rd1 Qe7 21.
Bd2 Rbd8 22. Be1 Bc7 23. Qb3 Bb8 24. a4 Bg4 25. Rxd8 Rxd8 26. a5 Be6 27. Qa4
Qc5 28. b4 Qe7 29. a6 b5 30. Qc2 c5 31. Nxb5 cxb4 32. Nd4 Be5 33. Nc6 Qc7 34.
Bxb4 Kg7 35. Ba5 Qc8 36. Rc1 Rd7 37. f4 Bd6 38. Bc3 Qxa6 39. Qb2 Ba3 40. Bxf6+
Kg6 41. Qa1 Rd2 42. Ne5+ Kh5 43. Bf3+ g4 44. Nxg4 Kg6 45. Bh8 1-0

[Event "Reykjavik Open 2009"]
[Site "Reykjavik"]
[Date "2009.03.28"]
[Round "5.20"]
[White "Ris, Robert"]
[Black "Ptacnikova, Lenka"]
[Result "1-0"]
[WhiteElo "2436"]
[BlackElo "2249"]
[PlyCount "151"]
[EventDate "2009.03.24"]

1. d4 Nf6 2. Nf3 e6 3. c4 Bb4+ 4. Nbd2 O-O 5. a3 Bxd2+ 6. Bxd2 Ne4 7. Qc2 f5 8.
g3 b6 9. Bg2 Bb7 10. O-O Nxd2 11. Qxd2 Be4 12. d5 Qf6 13. Rfd1 d6 14. dxe6 Nc6
15. Nd4 Bxg2 16. Kxg2 Nxd4 17. Qxd4 Qxd4 18. Rxd4 Rae8 19. b4 Rxe6 20. Kf3 Rfe8
21. e3 Re4 22. Rad1 R8e5 23. Rxe4 Rxe4 24. c5 dxc5 25. bxc5 Kf7 26. h4 Kf6 27.
cxb6 cxb6 28. Rc1 Ra4 29. Rc3 h6 30. h5 Ke6 31. Rc6+ Kf7 32. Rc7+ Kf6 33. Rc3
Ke6 34. Ke2 Ra5 35. f4 Rc5 36. Rd3 Rc2+ 37. Kf3 Rh2 38. Rd8 Ra2 39. Rd3 Rh2 40.
Rc3 Kd7 41. Rc4 Ra2 42. Ra4 a5 43. g4 fxg4+ 44. Kxg4 Ke6 45. Rc4 Kd5 46. Rd4+
Ke6 47. Rd3 Rb2 48. e4 a4 49. Rd4 b5 50. Rd5 Rb3 51. f5+ Ke7 52. Kf4 Rb1 53.
Ke5 Rb3 54. Rc5 Kd7 55. Kd4 Rxa3 56. Rxb5 Rg3 57. Ra5 a3 58. Kd5 Kc7 59. e5 Kb6
60. Ra8 Kb5 61. e6 Re3 62. Kd4 Re1 63. Rxa3 Kc6 64. Re3 Rd1+ 65. Ke5 Kc7 66.
Re4 Rh1 67. Rd4 Re1+ 68. Re4 Rh1 69. Rg4 Re1+ 70. Kd4 Rd1+ 71. Ke3 Re1+ 72. Kf2
Rh1 73. Rxg7+ Kd8 74. f6 Rxh5 75. Rg8+ Kc7 76. e7 1-0

[Event "Reykjavik Open 2009"]
[Site "Reykjavik"]
[Date "2009.03.28"]
[Round "5.21"]
[White "Zak, Uri"]
[Black "Popovic, Milos T"]
[Result "1/2-1/2"]
[WhiteElo "2198"]
[BlackElo "2400"]
[PlyCount "23"]
[EventDate "2009.03.24"]

1. e4 c5 2. Nf3 Nc6 3. Bb5 e5 4. Nc3 Nge7 5. Bc4 h6 6. d3 g6 7. Nd2 Bg7 8. Nf1
O-O 9. Ne3 a6 10. a4 d6 11. O-O Kh7 12. Ned5 1/2-1/2

[Event "Reykjavik Open 2009"]
[Site "Reykjavik"]
[Date "2009.03.28"]
[Round "5.22"]
[White "Sofrigin, Alexej"]
[Black "Harika, Dronavalli"]
[Result "0-1"]
[WhiteElo "2252"]
[BlackElo "2473"]
[PlyCount "54"]
[EventDate "2009.03.24"]

1. Nf3 c5 2. c4 Nc6 3. d4 cxd4 4. Nxd4 Qb6 5. e3 Nf6 6. Nc3 e6 7. b3 d5 8. cxd5
Bb4 9. Nde2 exd5 10. Bd2 O-O 11. a3 Bd6 12. Na4 Qd8 13. Bc3 Re8 14. Nd4 Ne4 15.
Ra2 Nxc3 16. Nxc3 Nxd4 17. Qxd4 Bc5 18. Qd2 d4 19. Nd1 Qf6 20. Bc4 dxe3 21.
fxe3 Rd8 22. Qe2 b5 23. Bxb5 Qg6 24. Qc2 Bf5 25. Qf2 Bg4 26. Be2 Rxd1+ 27. Bxd1
Bxe3 0-1

[Event "Reykjavik Open 2009"]
[Site "Reykjavik"]
[Date "2009.03.28"]
[Round "5.23"]
[White "Gunnarsson, Jon Viktor"]
[Black "Olafsson, Thorvardur"]
[Result "1/2-1/2"]
[WhiteElo "2463"]
[BlackElo "2182"]
[PlyCount "76"]
[EventDate "2009.03.24"]

1. e4 c5 2. Nf3 d6 3. d4 cxd4 4. Nxd4 Nf6 5. Nc3 a6 6. Be2 e6 7. Be3 b5 8. Bf3
e5 9. Nf5 d5 10. Bg5 d4 11. Nd5 Qa5+ 12. Bd2 Qd8 13. Nxf6+ Qxf6 14. c3 g6 15.
Ng3 Bc5 16. cxd4 Bxd4 17. Ne2 Nc6 18. Nc3 Bxc3 19. bxc3 O-O 20. Bh6 Rd8 21. Qc1
Qe6 22. O-O Bb7 23. Qg5 f6 24. Qg3 Rd3 25. Bg4 Qd6 26. Be3 Rxc3 27. Rad1 Nd4
28. Rfe1 Rd8 29. Qh4 Qe7 30. Bxd4 Rxd4 31. Rxd4 exd4 32. e5 Qxe5 33. f4 g5 34.
fxe5 gxh4 35. exf6 Re3 36. Rc1 Rc3 37. Re1 Re3 38. Rc1 Rc3 1/2-1/2

[Event "Reykjavik Open 2009"]
[Site "Reykjavik"]
[Date "2009.03.28"]
[Round "5.24"]
[White "Bjarnason, Saevar"]
[Black "Shytaj, Luca"]
[Result "0-1"]
[WhiteElo "2211"]
[BlackElo "2453"]
[PlyCount "65"]
[EventDate "2009.03.24"]

1. d4 Nf6 2. c4 c5 3. e3 e6 4. Nf3 a6 5. Nc3 Qc7 6. Bd3 d6 7. O-O Nbd7 8. b3 g6
9. Bb2 Bg7 10. Qe2 O-O 11. Rac1 b6 12. Rfd1 Bb7 13. h3 Rfe8 14. Bb1 Rac8 15. e4
Qb8 16. d5 exd5 17. Nxd5 Bxd5 18. cxd5 b5 19. Qe3 Nb6 20. Bxf6 Bxf6 21. Qf4 Bg7
22. h4 Nd7 23. h5 Ne5 24. hxg6 Nxf3+ 25. Qxf3 hxg6 26. g3 c4 27. Kg2 Qb6 28.
Rh1 Rc7 29. bxc4 Rxc4 30. Rcd1 Rec8 31. Qg4 b4 32. Rh4 Qa5 33. Qg5 {Black won
after 44 moves} 0-1

[Event "Reykjavik Open 2009"]
[Site "Reykjavik"]
[Date "2009.03.28"]
[Round "5.25"]
[White "Arngrimsson, Dagur"]
[Black "Halldorsson, Jon Arni"]
[Result "1/2-1/2"]
[WhiteElo "2404"]
[BlackElo "2162"]
[PlyCount "63"]
[EventDate "2009.03.24"]

1. d4 e6 2. c4 f5 3. Nc3 Nf6 4. a3 b6 5. Qc2 Bb7 6. f3 Be7 7. Bg5 O-O 8. O-O-O
d5 9. e3 Nbd7 10. Nh3 Nh5 11. Bxe7 Qxe7 12. Bd3 Nhf6 13. Rhe1 Ba6 14. Qa4 Bxc4
15. Bxc4 dxc4 16. e4 fxe4 17. Qxc4 b5 18. Nxb5 Nb6 19. Qc5 Qd7 20. Nc3 exf3 21.
gxf3 Nfd5 22. Ne4 Rxf3 23. Neg5 Rf5 24. Qc2 Re8 25. Kb1 Qa4 26. Qd3 Qc4 27.
Qxf5 Nc3+ 28. bxc3 Qb3+ 29. Kc1 Qxa3+ 30. Kd2 Nc4+ 31. Kd3 Nb2+ 32. Kd2 1/2-1/2